000 01430njm a22003257a 4500
005 20100920134018.0
007 sd ammalaaahaa
008 100904t xxu||||| |||| 00| 0 hin d
028 _aIND-1054 A
_bCBS
028 _aIND-1054 B
_bCBS
035 _aGR-03600
040 _aSED/VEN
100 _91184
_aBhosle, Asha
245 _aInquilaab (Part-1)
_bHindi Film /
_h[Sound Recording] :
_cby Asha Bhosle & Kishore Kumar; Music by Laxmikant Pyarelal; Lyric by Anand Bakshi
246 _aइंकलाब (आशा भोसले और किशोर कुमार)
250 _aP-1984
260 _aDum Dum, India :
_bCBS
300 _a1 sound disc [Gramophone Recording] :
_banalog, 33 1/3 rpm ;
_c12 in. [LP]
_fGramophone Records
500 _aBrief Records
500 _aRecord Lables: CBS, Yellow & Orange
505 _aगीत साइड-1; बिच्छु लड़ गया (इंकलाब) (आशा भोसले और किशोर कुमार), गीत साइड-2; डिस्को 84 (किशोर कुमार और कोरस) भाग-2
600 _920735
_aBhosle, Asha
650 _aClassical Music
_xExcerpts
_zIndia
_918309
700 _918319
_aKishore Kumar
700 _918320
_aChorus
700 _919413
700 _919439
942 _2ddc
_cGR
999 _c46994
_d46994